000 01017akm a2200409a 44500
008 030626s2002 cat
041 _acat
041 _beng
041 _bfre
041 _bita
041 _bspa
080 _a364(038)
245 _aAtenció social: 2
245 _h[punt de llibre]
260 _aBarcelona
260 _bGeneralitat de Catalunya. Departament de Benestar Social
260 _c2002
300 _a1 punt de llibre
490 _aTerminologia de Serveis Socials
500 _aCategoria gramatical
500 _btermcat
520 _a4
546 _acatalà
591 _a8152
592 _aObra terminològica
593 _aOK
594 _a8152
650 _adiscapacitat
_962235
650 _amarginació
_971410
650 _aserveis socials
_962891
830 _aTerminologia de Serveis Socials
_971416
901 _c[<2002>]
902 _a030626
942 _cMO
_n0
999 _c62307
_d62307